सीख कबीर की (Record no. 197775)

MARC details
000 -LEADER
fixed length control field 00976nam a22001937a 4500
005 - DATE AND TIME OF LATEST TRANSACTION
control field 20230904110909.0
010 ## - LCCN (DPL NO)
LC control number B-755662 CHHN 23.8.23
020 ## - INTERNATIONAL STANDARD BOOK NUMBER
International Standard Book Number 8188521760
Terms of availability 90.00
035 ## - SYSTEM CONTROL NUMBER
System control number B-755662
037 ## - SOURCE OF ACQUISITION
Stock number हिंदी सेवा सदन प्रकासक
082 ## - DEWEY DECIMAL CLASSIFICATION NUMBER
Classification number 821.08
245 ## - TITLE STATEMENT
Title सीख कबीर की
Remainder of title (सन्त कबीर के शिक्षाप्रद दोहे)
Statement of responsibility, etc निकुन्ज अग्रवाल
260 ## - PUBLICATION, DISTRIBUTION, ETC. (IMPRINT)
Place of publication, distribution, etc मथुरा
Name of publisher, distributor, etc हिंदी सेवा सदन प्रकासक
Date of publication, distribution, etc 2021
270 ## - ADDRESS
Address हालनगंज, मथुरा
City मथुरा
Postal code 281001
300 ## - PHYSICAL DESCRIPTION
Extent 31पृ.
Other physical details सचित्र
Dimensions 19सेमी(अजिल्द)
700 ## - ADDED ENTRY--PERSONAL NAME
Personal name अग्रवाल,निकुन्ज
9 (RLIN) 55830
942 ## - ADDED ENTRY ELEMENTS (KOHA)
Source of classification or shelving scheme Dewey Decimal Classification
Item type Children Books
Call number suffix सीखक
Classification part 821.08
Holdings
Withdrawn status Lost status Not for loan Collection code Home library Current library Date acquired Source of acquisition Cost, normal purchase price Full call number Barcode Copy number Cost, replacement price Koha item type
      Non-fiction Ashok Vihar Ashok Vihar 04/09/2023 उपहार/23.8.23 90.00 सीखक 821.08 B-755662 1 90.00 Children Books

© Delhi Public Library
Hit Counter
free hit counter